M25 South West (Record no. 79344)

MARC details
000 -LEADER
fixed length control field 00778cab a22002295a 4500
001 - CONTROL NUMBER
control field L140770
008 - FIXED-LENGTH DATA ELEMENTS--GENERAL INFORMATION
fixed length control field 071009e20071006xxkdo f s 000 0 eng d
035 ## - SYSTEM CONTROL NUMBER
System control number (Sirsi) u140770
041 0# - LANGUAGE CODE
Language code of text/sound track or separate title eng
100 1# - MAIN ENTRY--PERSONAL NAME
Personal name Cavanagh, Elaine
245 00 - TITLE STATEMENT
Title M25 South West
260 ## - PUBLICATION, DISTRIBUTION, ETC.
Date of publication, distribution, etc. 2007
490 #0 - SERIES STATEMENT
Series statement Estates Gazette
Volume/sequential designation (0740) 6 October 2007, 195-209(7)
520 ## - SUMMARY, ETC.
Summary, etc. Reports on plans to further develop Kingston shopping centre. Analyses trends in office rental returns. Discusses whether the increasing availability of sheds at Heathrow airport will lead to oversupply.
590 ## - LOCAL NOTE (RLIN)
Local note ka
651 #4 - SUBJECT ADDED ENTRY--GEOGRAPHIC NAME
Geographic name London
690 ## - LOCAL SUBJECT ADDED ENTRY--TOPICAL TERM (OCLC, RLIN)
Topical term or geographic name as entry element PROPERTY-COMMERCIAL PROPERTY-COMMERCIAL PROPERTY MARKET
700 1# - ADDED ENTRY--PERSONAL NAME
Personal name Taylor, Andrew
700 1# - ADDED ENTRY--PERSONAL NAME
Personal name Cunningham, Daniel
700 1# - ADDED ENTRY--PERSONAL NAME
Personal name Jack, Simon
942 ## - ADDED ENTRY ELEMENTS (KOHA)
Suppress in OPAC 0
Holdings
Withdrawn status Lost status Source of classification or shelving scheme Damaged status Not for loan Home library Current library Shelving location Date acquired Total Checkouts Full call number Barcode Date last seen Copy number Price effective from Koha item type
    Dewey Decimal Classification     London London Journal article 10/10/2007   L140770 140770-1001 06/08/2019 1 06/08/2019 Journal article